[Event "11th Mumbai Mayors Cup 2018"]
[Site "Mumbai"]
[Date "2018.06.10"]
[Round "10"]
[White "Erigaisi Arjun"]
[Black "Manigandan, S S"]
[Result "1-0"]
[WhiteElo "2505"]
[BlackElo "2216"]
[Annotator "TA"]
[PlyCount "53"]
[EventDate "2018.??.??"]
[EventType "swiss"]
[EventCountry "IND"]
[SourceTitle "playchess.com"]
[Source "ChessBase"]
[SourceQuality "1"]

{[%evp 18,53,76,85,105,54,54,49,54,54,51,56,60,62,106,106,133,129,107,97,205,191,184,202,204,213,178,175,360,348,786,708,29993,29994,29994,29990,29989,29978]} 1. d4 Nf6 2. c4 g6 3. Nc3 d5 4. Nf3 Bg7 5. h4 (5. Qb3 c6 6. cxd5 Nxd5 7. e4 Nxc3 8. bxc3 O-O 9. Be3 c5 10. d5 Nd7 11. Bd3 b5 12. Qc2 b4 13. Bd2 c4 14. Bxc4 Qc7 15. Be2 bxc3 {½-½ (64) Vidit,S (2707)-Artemiev,V (2704) Poikovsky 2018}) 5... c5 6. dxc5 {D90: Grünfeldindisch (Flohr-Variante)} Qa5 7. cxd5 Nxd5 8. Qxd5 Bxc3+ 9. Bd2 Bxd2+ 10. Qxd2 {LiveBook: 9 Partien} Qxd2+ 11. Nxd2 (11. Kxd2 $16 Nd7 12. Rc1) 11... Be6 $14 12. a3 $146 ({Vorgänger:} 12. e3 O-O {1-0 (41) Fridman,D (2604)-Kantans,T (2443) Riga 2014}) 12... a5 13. Rc1 O-O 14. g3 Na6 15. Bg2 Rab8 16. Nc4 $1 Bxc4 17. Rxc4 Rfc8 18. b4 b5 (18... b6 $16) 19. Re4 $18 axb4 20. axb4 f5 21. Rxe7 Nxb4 {[#]} 22. O-O $1 Na6 $2 {[#]} (22... Nc6 23. Bd5+ Kh8 24. Bxc6 Rxc6) 23. Ra1 $1 b4 $2 (23... Rc7) 24. Rxa6 {Droht Matt per Ld5+.} b3 25. Bd5+ {Weiß setzt Matt.} Kf8 26. Rf7+ Ke8 27. Bxb3 {Precision: Weiß = 100%, Schwarz = 43%.} 1-0

[Event "11th Mumbai Mayors Cup 2018"]
[Site "Mumbai"]
[Date "2018.06.10"]
[Round "10"]
[White "Neverov, Valeriy"]
[Black "Tran, Tuan Minh"]
[Result "1/2-1/2"]
[WhiteElo "2492"]
[BlackElo "2514"]
[Annotator "TA"]
[PlyCount "143"]
[EventDate "2018.??.??"]
[EventType "swiss"]
[EventCountry "IND"]
[SourceTitle "playchess.com"]
[Source "ChessBase"]
[SourceQuality "1"]

{[%evp 13,143,10,24,16,29,24,21,-16,-14,-9,-8,-20,-6,-15,-10,-24,-26,-36,-39,-46,-48,-86,-76,-79,-75,-70,-60,-65,-84,-77,-61,-53,-28,-104,-91,-97,-84,-84,-82,-90,-65,-194,-25,-47,-43,-43,-38,-68,0,0,0,0,43,-19,-19,-19,-19,-108,-108,-103,-106,-149,-19,-19,-19,-19,-19,-19,-19,-19,-19,-19,-19,-19,-19,-19,-19,-19,-19,-19,-19,-19,0,-19,0,0,0,0,0,-12,-8,-12,-12,-12,-12,-12,-12,-12,-12,-12,-12,-12,-12,-12,-12,-12,-12,-12,-12,-12,-12,-12,-12,-12,-12,-12,0,0,-4,-12,-12,-12,-12,-12,-12,-12,0,0,0,0,0,-8]} 1. c4 e5 2. Nc3 Bb4 3. g3 Bxc3 4. bxc3 Nc6 5. Bg2 Nge7 6. d3 {A21: English Opening: 1...e5 2 Nc3} (6. c5 d6 7. cxd6 cxd6 8. d3 O-O 9. Nf3 h6 10. Rb1 b6 11. Ba3 Be6 12. c4 Qd7 13. O-O Rad8 {½-½ (81) Cordova,E (2651)-Stripunsky,A (2536) Philadelphia 2017}) 6... d6 7. f4 O-O {LiveBook: 4 Games} 8. Nh3 {White has an edge.} d5 $146 ({Predecessor:} 8... Bg4 9. O-O Qd7 10. Nf2 Be6 11. fxe5 dxe5 12. Ne4 b6 13. Ng5 Bg4 14. Ba3 {1-0 (55) Kosten,A (2517)-Fernandez Romero,E (2437) Andorra 2007}) 9. fxe5 Nxe5 10. Nf4 {[%cal Rc4d5]} dxc4 11. d4 N5g6 12. Nxg6 Nxg6 13. O-O c6 14. Ba3 Re8 15. e4 Be6 16. h4 h6 17. h5 Nf8 18. d5 Bd7 19. Rb1 Qc7 20. Bxf8 Rxf8 21. d6 Qc8 22. e5 b5 23. Rf4 (23. Be4 $11 {keeps the balance.}) 23... Qd8 $17 24. Qf3 Qg5 25. Re1 Rae8 26. Rfe4 a5 27. g4 (27. Kh2 $15) 27... b4 $2 (27... Re6 $19 28. Qf2 Ree8) 28. Bf1 Be6 29. Qf4 Qh4 ({Much worse is} 29... bxc3 $6 30. Qxg5 hxg5 31. Bxc4 $14) 30. Qh2 Qxh2+ ({Black should try} 30... Qd8 $1 $15 31. Bxc4 bxc3) 31. Kxh2 $11 Bd5 32. Rd4 f6 33. e6 (33. Rxd5 $14 cxd5 34. e6) 33... Rxe6 ({Not} 33... Bxe6 $2 34. Rxe6 $1 {[%mdl 512]} Rxe6 35. Bxc4 $18) 34. Rxe6 Bxe6 35. cxb4 {[%mdl 4096] Endgame KRB-KRB} (35. Bxc4 $11 Kf7 36. Kg3) 35... c3 $17 36. Bc4 Kf7 $1 37. bxa5 {[#]} Ra8 (37... c2 $1 $17 {[%cal Rc2c1]} 38. Bxe6+ Kxe6) 38. Re4 $11 {The position is equal.} Bd5 39. Bxd5+ cxd5 {KR-KR} 40. Re7+ Kf8 41. Rc7 $1 d4 ({Don't go for} 41... Rxa5 $2 42. Rc8+ Kf7 43. d7 $18) 42. Rc4 $1 Rxa5 {White must now prevent ...Rd5.} 43. Rxd4 {Threatens to win with d7.} Rxa2+ 44. Kg3 Ke8 {...Kd7 is the strong threat.} 45. Rc4 Rc2 {Strongly threatening ...Kd7.} 46. Rc7 Rc1 47. Kg2 Kd8 48. Kh2 f5 49. gxf5 Rf1 (49... c2 $5) 50. Kg3 $1 Rxf5 51. Kg4 Rg5+ (51... Rd5 {seems wilder.} 52. Rxc3 Rxd6 53. Kf5 Ke7 54. Rc7+ Kf8) 52. Kh4 Rd5 53. Rxc3 Rd4+ 54. Kh3 Rxd6 55. Rg3 Rd7 56. Rg6 Ke8 57. Ra6 Kf7 58. Kg4 Rd4+ 59. Kg3 Re4 60. Rb6 Re6 61. Rb5 Kf6 62. Kf4 Rc6 63. Rb4 Rd6 64. Ra4 $1 Rd7 65. Ra6+ Ke7 66. Ra4 Rd5 67. Ra7+ Kf8 68. Ra8+ Kf7 69. Ra7+ Kf8 70. Ra8+ Ke7 71. Ra7+ Rd7 72. Rxd7+ {Precision: White = 50%, Black = 62%.} 1/2-1/2

[Event "11th Mumbai Mayors Cup 2018"]
[Site "Mumbai"]
[Date "2018.06.10"]
[Round "10"]
[White "Harsha Bharathakoti"]
[Black "Kulkarni Bhakti"]
[Result "1-0"]
[WhiteElo "2471"]
[BlackElo "2294"]
[Annotator "TA"]
[PlyCount "99"]
[EventDate "2018.??.??"]
[EventType "swiss"]
[EventCountry "IND"]
[SourceTitle "playchess.com"]
[Source "ChessBase"]
[SourceQuality "1"]

{[%evp 20,99,38,33,70,64,77,60,66,73,119,119,120,60,117,79,129,120,204,189,329,191,206,214,184,189,232,176,280,238,375,208,213,121,243,243,391,223,317,209,215,168,288,278,304,291,405,394,437,416,531,519,518,511,511,508,511,511,502,504,504,499,495,492,464,463,692,692,720,715,656,618,1110,1039,1177,1114,1676,1625,2159,1341,1957,1872]} 1. c4 Nf6 2. Nc3 e6 3. e4 d5 4. e5 d4 5. exf6 dxc3 6. bxc3 Qxf6 7. Nf3 c5 8. d4 cxd4 9. Bg5 Qf5 10. cxd4 Bb4+ 11. Bd2 {LiveBook: 58 Games} Qe4+ {A18: English Opening: Flohr-Mikenas System (1 c4 Nf6 2 Nc3 e6 3 e4)} (11... Qa5 12. Bd3 Nc6 13. Rb1 Bxd2+ 14. Qxd2 Rb8 15. Rb5 Qxd2+ 16. Kxd2 b6 17. d5 Nd8 18. Rhb1 Bd7 19. Ra5 {1-0 (27) Wang,H (2713)-Saduakassova,D (2479) Hanoi 2018}) 12. Be2 Bxd2+ $1 13. Qxd2 O-O {White is slightly better.} 14. O-O Nd7 $146 ({Predecessor:} 14... Nc6 15. Rab1 b6 16. Qe3 Qxe3 17. fxe3 Bb7 18. Rb2 h6 19. Bd3 {1-0 (50) Sega,C (2323)-Maeckelbergh,A (2020) Dos Hermanas 2004}) 15. Bd3 Qc6 {[#]} 16. Rfe1 (16. Qf4 $1 $16) 16... Nf6 ({Black should play} 16... Qc7 $14) 17. Ne5 Qd6 18. Qf4 b5 (18... Qe7 $16 19. Rab1 Nd7) 19. c5 $18 {[%cal Bc4c5,Bc5c6][%mdl 32]} ({Resist} 19. cxb5 Bb7 $16) 19... Qe7 (19... Qd8 $142 20. Qh4 h6 21. Bxb5 a5) 20. Bxb5 (20. Qh4 $142 {Bxh7+! is the strong threat.} h6 21. Bxb5) 20... Bb7 21. c6 Bc8 22. Rac1 Nd5 23. Qg3 Qb4 (23... Qc7 $142 24. Rc5 Rd8) 24. Bd3 Rb8 (24... Qd6 $142 25. Re4 Qa3) 25. Ng4 (25. Nxf7 $142 Kxf7 26. Bxh7) 25... Rb6 {intending ...Rxc6.} 26. Qh4 (26. Be4 $18 Rxc6 {[#]} 27. Nf6+ $1 {[%mdl 512]} Nxf6 28. Bxc6) 26... f5 (26... g6 $16 {was necessary.}) 27. Ne5 $40 {[%mdl 128] Black is in trouble.} Ne7 (27... Re8 $142 28. Bc4 Qd6 29. Bxd5 exd5) 28. Rb1 (28. a3 $142 Qxa3 29. Nc4) 28... Qa3 (28... Qd6 {might work better.} 29. Rxb6 axb6) 29. Rxb6 axb6 30. Bb5 Rf6 (30... Ng6 $142 31. Nxg6 hxg6) 31. Qh5 Qb4 32. Qe2 Nd5 33. Bc4 {And now Bxd5 would win.} Qd6 34. Bxd5 exd5 35. Qb5 {White is clearly winning.} f4 36. Qxb6 f3 37. Nxf3 Qxc6 38. Qxc6 Rxc6 {[%mdl 4096] Endgame KRB-KRN} 39. Re8+ Kf7 40. Ne5+ Kxe8 {[%cal Rc6c1]} 41. Nxc6 {KB-KN} Kd7 42. Nb4 Bb7 (42... Kc7 $142 43. Nxd5+ Kd6) 43. a4 Kd6 44. f4 Bc8 45. Kf2 h5 46. Kg3 Bf5 47. Kh4 g6 48. Kg5 Be4 49. a5 Kc7 50. g3 {Precision: White = 65%, Black = 30%.} 1-0

[Event "11th Mumbai Mayors Cup 2018"]
[Site "Mumbai"]
[Date "2018.06.10"]
[Round "10"]
[White "Karthikeyan, P."]
[Black "Gajwa Ankit"]
[Result "0-1"]
[WhiteElo "2456"]
[BlackElo "2238"]
[Annotator "TA"]
[PlyCount "68"]
[EventDate "2018.??.??"]
[EventType "swiss"]
[EventCountry "IND"]
[SourceTitle "playchess.com"]
[Source "ChessBase"]
[SourceQuality "1"]

{[%evp 26,68,43,20,24,33,25,22,70,79,62,57,66,77,74,75,72,68,72,0,0,0,0,-214,-220,-214,-202,-227,-223,-237,-238,-230,-235,-223,-224,-370,-311,-308,-275,-603,-305,-597,-597,-590,-438]} 1. d4 Nf6 2. c4 g6 3. Nc3 Bg7 4. e4 d6 5. Nf3 O-O 6. Be2 e5 7. Be3 Ng4 8. Bg5 f6 9. Bc1 exd4 10. Nxd4 f5 11. O-O Nc6 12. Nxc6 {E97: Königsindisch (Klassisches System)} bxc6 13. exf5 gxf5 14. Bf4 {[#] LiveBook: 3 Partien. Weiß steht etwas besser.} Be6 $146 ({Vorgänger:} 14... Rb8 15. Qd2 c5 16. Rad1 Bb7 17. Nd5 Bd4 18. b3 Qd7 19. Bxg4 fxg4 {1-0 (34) Lenderman,A (2601)-Becerra Rivero,J (2551) ICC INT 2014}) 15. c5 dxc5 16. Qa4 Rb8 17. Qxc6 Rb6 18. Qxc5 Bd4 $1 {[%cal Rd4c5]} 19. Qa3 {Droht Tad1 und aus.} (19. Qxc7 Qxc7 20. Bxc7 Rxb2 $15) 19... Qh4 {[%cal Rg4f2]} 20. Bg3 ({Viel schlechter ist} 20. Bxc7 Bxf2+ 21. Rxf2 (21. Kh1 $2 Nxh2 22. Qe7 Qxe7 $19) 21... Qxf2+ 22. Kh1 Rb7 $15) 20... Qf6 {[#] Droht ...f4.} 21. Bxg4 $1 fxg4 22. Rad1 ({Besser ist} 22. Rae1 $16) 22... c5 $1 $11 23. Ne4 Qf5 24. Rfe1 $2 (24. Qxa7 $11 Qxe4 25. Rxd4 cxd4 26. Qxb6) 24... Bd5 $19 25. Rxd4 cxd4 26. Nd6 Qc2 27. Qxa7 {[#]} Rxd6 $1 $40 {[%mdl 640] Schwarz will per K.O. gewinnen.} 28. Qxd4 (28. Bxd6 Qxf2+) 28... Rd7 {zielt auf ...Df5 ab.} 29. Qxg4+ Rg7 30. Qh4 (30. Qd4 $142 Bxa2 31. b4) 30... Qxb2 31. a4 Qf6 32. Qh3 $2 (32. Qxf6 Rxf6 33. f3) 32... Qf5 33. Qh4 $2 (33. Qxf5 Rxf5 34. f3) 33... Rg4 34. Qh3 Re4 {Precision: Weiß = 41%, Schwarz = 73%.} 0-1

[Event "11th Mumbai Mayors Cup 2018"]
[Site "Mumbai"]
[Date "2018.06.10"]
[Round "10"]
[White "Neelotpal, Das"]
[Black "Pranav Vijay"]
[Result "1-0"]
[WhiteElo "2447"]
[BlackElo "2265"]
[Annotator "TA"]
[PlyCount "119"]
[EventDate "2018.??.??"]
[EventType "swiss"]
[EventCountry "IND"]
[SourceTitle "playchess.com"]
[Source "ChessBase"]
[SourceQuality "1"]

{[%evp 9,118,12,25,20,25,19,27,23,37,29,51,-8,-8,16,41,12,22,0,0,-16,-53,-20,58,38,119,62,117,113,177,166,195,193,227,238,239,237,230,233,220,221,276,270,396,394,453,453,440,433,620,415,407,381,552,550,29977,29978,29978,29979,29970,1741,1900,1002,1128,1098,1082,1047,1710,920,884,835,826,724,1158,1022,1475,1257,1382,757,1683,1556,29973,29974,29974,29975,29980,29981,29982,29983,29983,29984,29983,29984,29984,29983,29983,29984,29987,29988,29989,29990,29992,29993,29996,29995,29997,29996,29998,29997,29998,29999,29999]} 1. c4 e5 2. Nc3 Nc6 3. g3 Bc5 4. Bg2 d6 5. e3 a6 6. Nge2 {A25: English Opening vs King's Indian with ...Nc6 but without early d3} (6. Nf3 Nf6 7. O-O O-O 8. h3 Ba7 9. d4 h6 10. dxe5 dxe5 11. Qxd8 Rxd8 12. b3 Be6 13. Ba3 Rd7 14. Rfd1 Rad8 15. Rxd7 Rxd7 {½-½ (41) Howell,D (2676)-Ponomariov,R (2694) Riadh 2017}) 6... h5 7. h3 Nf6 8. d4 {White has an edge.} Ba7 9. dxe5 $146 ({Predecessor:} 9. Bxc6+ bxc6 10. dxe5 dxe5 11. Qxd8+ Kxd8 12. b3 Be6 13. Ba3 Kc8 {½-½ (40) Debarshi,M (2142)-Brunello,S (2573) Chennai 2014}) 9... Nxe5 10. Nf4 (10. b3 $14) 10... c6 $11 11. b3 Qe7 12. Qc2 g5 13. Nfe2 g4 $1 14. Bb2 gxh3 15. Bxh3 Nf3+ (15... Bxh3 $11 16. Rxh3 Nfg4) 16. Kf1 $1 $14 {Black must now prevent Bxc8.} Be6 (16... Ng4 $14) 17. Nf4 (17. Bxe6 $16 fxe6 18. Rd1) 17... O-O-O (17... Rh6 $14) 18. Kg2 $36 {[%mdl 2048] White is in control.} Ng5 {[#]} (18... Ne5 $16) 19. Ncd5 $1 {[%mdl 512]} Nxd5 (19... cxd5 20. cxd5+) 20. cxd5 Nxh3 21. Nxe6 fxe6 22. Bxh8 (22. Kxh3 $6 e5 $16) (22. dxc6 Nxf2 $1 {[%mdl 512]} 23. Qxf2 Rdf8 $11) 22... Nxf2 23. Qxf2 (23. Kxf2 $6 Rxh8 24. dxc6 Rg8) 23... Rxh8 24. dxc6 Rf8 25. Qc2 Bxe3 (25... Rg8 {was necessary.} 26. cxb7+ (26. Rxh5 Qg7 $16) 26... Kb8) 26. Raf1 $18 Rg8 27. Rxh5 Qg7 28. Rf3 Bc5 {[#]} (28... Bb6 $142 29. Qe4 Kb8 30. Qxe6 bxc6 31. Qxd6+ Bc7 32. Qb4+ Kc8) 29. b4 $1 Bb6 (29... Bxb4 30. cxb7+) 30. Qe4 {Hoping for Rh7.} ({Don't do} 30. cxb7+ Kb8 $18) 30... Qb2+ (30... Kb8 $142 31. Qxe6 bxc6 32. Qxd6+ Bc7 33. Qxc6 Qb2+ 34. Kh3 Qe2) 31. Kh3 Re8 32. cxb7+ Kb8 33. Qc6 Rh8 {[#]} 34. g4 (34. Rf8+ $142 $1 {[%mdl 512]} Rxf8 35. Qxd6+ (35. Qxb6 Qf6 $16) 35... Ka7 36. Qxf8 Kxb7 37. Rh7+ Kc6 38. Qe8+ Kd5 39. Rd7+ Kc4 40. Qxe6+ Kb5 41. Rd5+ Ka4 42. Qc6+ Ka3 43. Rd3+ Kxb4 44. a3+ Qxa3 45. Qxb6+ Kc4 46. Qd4+ Kb5 47. Rxa3) 34... Qd4 35. Qc3 Re8 36. Qxd4 Bxd4 {[%mdl 4096] Endgame KRR-KRB} 37. Rh7 e5 38. Rff7 d5 39. Rd7 e4 40. Rhe7 Rxe7 41. Rxe7 {KR-KB} Bf6 42. Re6 Bc3 43. Kg2 Kxb7 44. g5 {[%cal Bg4g5,Bg5g6][%mdl 32]} Bxb4 45. g6 {White mates.} Bc3 46. Kf2 a5 47. Ke3 a4 {[#]} 48. g7 $1 {[%mdl 512]} Bxg7 49. Re7+ Kc6 50. Rxg7 {KR-K3P} Kc5 51. a3 Kc4 52. Rb7 d4+ 53. Kxe4 {KR-KPP} Kc3 54. Rc7+ Kb3 55. Kxd4 Kxa3 56. Kc3 Ka2 57. Ra7 a3 58. Ra6 Kb1 59. Rxa3 Kc1 60. Ra1# {Precision: White = 53%, Black = 29%.} 1-0

[Event "11th Mumbai Mayors Cup 2018"]
[Site "Mumbai"]
[Date "2018.06.10"]
[Round "10"]
[White "Khusenkhojaev, Muhammad"]
[Black "Kravtsiv, Martyn"]
[Result "0-1"]
[WhiteElo "2445"]
[BlackElo "2662"]
[Annotator "TA"]
[PlyCount "138"]
[EventDate "2018.??.??"]
[EventType "swiss"]
[EventCountry "IND"]
[SourceTitle "playchess.com"]
[Source "ChessBase"]
[SourceQuality "1"]

{[%evp 20,138,8,20,58,25,20,0,0,0,0,-8,11,-2,0,0,0,0,0,0,0,0,0,0,0,0,0,-9,-14,-33,-33,-33,-33,-33,-33,-33,-33,-37,-28,-22,-20,-49,-22,-22,-16,-35,-46,-42,-4,-58,-48,-47,-47,-54,-14,-14,-10,-73,-73,-77,-77,-77,-77,-88,-88,-88,-83,-83,-88,-88,-88,-112,-102,-102,-102,-102,-102,-102,-88,-88,-88,-100,-105,-135,-73,-73,-73,-88,0,-65,-51,-51,-51,-51,-51,-51,-51,-51,-51,-52,-28,-76,-76,-1057,-983,-895,-756,-29965,-29966,-29976,-29978,-29977,-29978,-29985,-29986,-29986,-29987,-29987,-29983,-29983,-29984]} 1. Nf3 Nf6 2. c4 e6 3. d4 b6 4. g3 Ba6 5. Qa4 Bb7 6. Bg2 c5 7. dxc5 bxc5 8. O-O Be7 9. Nc3 O-O 10. Rd1 Qb6 11. Bf4 {LiveBook: 284 Partien. E15: Damenindisch (Hauptfortsetzung, Abweichungen)} Rc8 $146 ({Vorgänger:} 11... d6 12. Rab1 Nbd7 13. b4 Rfb8 14. a3 h6 15. h3 a6 16. Qa5 Qxa5 17. bxa5 Ne8 18. Ne5 Nxe5 19. Bxb7 Nxc4 20. Bxa8 Rxa8 {0-1 (49) Xu,Y (2545)-Jakovenko,D (2732) China 2018}) 12. Rd2 Nc6 13. Qb5 {Die Stellung ist ausgeglichen.} Na5 14. b3 d5 15. cxd5 exd5 16. Ne5 d4 {Droht stark ...Lxg2.} 17. Bxb7 Nxb7 18. Nc4 Qc6 19. Qxc6 Rxc6 20. Na4 Nd5 21. Rc2 Re6 22. Kf1 Nb4 23. Rb2 Bf6 24. Bd2 d3 25. Bc3 Nc2 26. Rxc2 $1 dxc2 27. Bxf6 Rxf6 28. Rc1 Rd8 {...Td1+ ist eine echte Drohung.} 29. Rxc2 Ra6 30. Ne5 h6 31. Nd3 Rd4 32. Naxc5 Nxc5 33. Nxc5 $11 {[%mdl 4096] Endspiel KTT-KTS} Rd1+ 34. Kg2 Rc6 {[%mdl 1024] Schwarz hat Kompensation.} 35. b4 Rb1 36. a3 $1 Rb3 37. Ra2 $1 Rc3 38. a4 {[#]} (38. h4 $11 {hält das Gleichgewicht.}) 38... a5 $1 $17 {[%mdl 512]} 39. Nd3 {Droht b5.} (39. bxa5 R3xc5) 39... axb4 40. Nxb4 R6c4 $1 {[%cal Rc4b4]} 41. Nd3 Rc2 42. Rxc2 Rxc2 {KT-KS} 43. Kf3 Rc4 44. h4 Rxa4 45. Ne5 Kf8 46. e3 Ke7 47. Nc6+ Kf6 48. Nd4 Ra2 49. g4 Ra1 50. Ne2 Rh1 51. h5 Ra1 (51... Re1 $142 $1 52. Nd4 Kg5) 52. Kg2 Ra3 53. Nd4 Ra1 ({Lieber} 53... g6 $17 {Und weiter mit ...gxh5 wäre nett.} 54. hxg6 fxg6) 54. f4 ({Besser ist} 54. Ne2 $11) 54... g6 55. hxg6 fxg6 56. Kf2 Ke7 57. Nc6+ Ke6 58. Ne5 Kf6 59. Nc6 h5 {Weiss muss nun ...h4 beachten.} 60. gxh5 gxh5 {[%cal Bg6h5,Bh5h4][%mdl 32]} 61. Nd4 $2 {[%mdl 8192]} (61. Kg3 $17) 61... h4 $1 $19 62. Kg2 {[#]} Kg6 $1 63. Kh3 {[#]} Kh5 $1 {Schwarz setzt Matt.} 64. Nf5 Ra3 65. Kg2 Ra5 66. Nd6 Kg4 67. Ne4 h3+ 68. Kg1 Ra4 69. Nf2+ Kf3 {Precision: Weiß = 51%, Schwarz = 67%.} 0-1

[Event "11th Mumbai Mayors Cup 2018"]
[Site "Mumbai"]
[Date "2018.06.10"]
[Round "10"]
[White "Manik, Mikulas"]
[Black "Ghosh, Diptayan"]
[Result "1/2-1/2"]
[WhiteElo "2399"]
[BlackElo "2536"]
[Annotator "TA"]
[PlyCount "61"]
[EventDate "2018.??.??"]
[EventType "swiss"]
[EventCountry "IND"]
[SourceTitle "playchess.com"]
[Source "ChessBase"]
[SourceQuality "1"]

{[%evp 21,61,0,18,12,18,0,18,-7,-6,-8,-7,-7,0,-14,0,0,0,0,0,0,0,0,40,29,35,4,39,38,48,28,55,15,45,19,29,16,37,35,54,0,0,0]} 1. e4 e5 2. Nf3 Nc6 3. Bb5 Nf6 4. O-O Nxe4 5. Re1 Nd6 6. Nxe5 Be7 7. Bf1 Nf5 {C67: Ruy Lopez: Berlin Defence: 4 0-0 Nxe4} 8. c3 (8. Nf3 O-O 9. d4 d5 10. c3 Bd6 11. Nbd2 Nce7 12. Bd3 Ng6 13. g3 c6 14. Nf1 Bd7 15. Qc2 {½-½ (41) Vachier Lagrave,M (2793)-Carlsen,M (2834) chess.com INT 2018}) 8... Nxe5 9. Rxe5 d6 10. Re1 c5 11. d4 cxd4 $1 {LiveBook: 3 Games} 12. cxd4 O-O 13. Nc3 Bf6 14. Be3 {[#]} Nxe3 $146 ({Predecessor:} 14... Be6 15. Bd3 {0-1 (56) Shavtvaladze,N (2383)-Mastrovasilis,A (2521) Kalamaria 2006}) 15. fxe3 Be6 16. Bd3 d5 17. Qb3 Rb8 18. Be2 Qd7 19. Bf3 {[%cal Rf3d5]} Rfd8 20. Rac1 b6 21. Qb5 Kf8 22. Qxd7 Rxd7 23. Nb5 Rbd8 24. Kf2 Be7 25. a3 g5 26. g3 (26. h3 {is more complex.} Kg7 27. Rc6 Bd6 28. Rec1 Bb8 29. Nc7) 26... Bd6 27. Nxd6 Rxd6 28. Rc7 R6d7 29. Rec1 Ke7 30. R1c3 (30. R7c6 $14) 30... Rxc7 $11 31. Rxc7+ {Precision: White = 43%, Black = 42%.} 1/2-1/2

[Event "11th Mumbai Mayors Cup 2018"]
[Site "Mumbai"]
[Date "2018.06.10"]
[Round "10"]
[White "Nitish Belurkar"]
[Black "Divya, Deshmukh"]
[Result "1-0"]
[WhiteElo "2309"]
[BlackElo "2138"]
[Annotator "NA RC"]
[PlyCount "55"]
[EventDate "2018.??.??"]
[EventType "swiss"]
[EventCountry "IND"]
[SourceTitle "playchess.com"]
[Source "ChessBase"]
[SourceQuality "1"]
[TimeControl "5400+30"]

1. e4 {[%emt 0:00:00]} c5 {[%emt 0:00:04]} 2. Nf3 {[%emt 0:00:00]} g6 {[%emt 0:00:04]} 3. c3 {[%emt 0:00:00]} Bg7 {[%emt 0:00:04]} 4. d4 {[%emt 0:00:05]} cxd4 {[%emt 0:00:03]} 5. Bc4 {[%emt 0:00:09]} d3 {[%emt 0:00:17]} 6. Qb3 {[%emt 0:00:16] B27: Sicilian: 2 Nf3, unusual Black 2nd moves} e6 {[%emt 0:00:44]} 7. Bg5 {[%emt 0:00:17]} Qc7 $146 {[%emt 0:00:26]} ({Predecessor:} 7... Qa5 8. Bxd3 Nc6 9. Nbd2 h6 10. Bh4 Nge7 11. Nc4 Qc5 12. Bg3 O-O 13. Bd6 Qh5 {1-0 (59) Ibarra Jerez,J (2522)-Rodriguez Guerrero,E (2432) Granada 2014}) 8. Bxd3 {[%emt 0:00:23]} Nc6 {[%emt 0:01:23]} 9. Nbd2 {[%emt 0:01:34]} Nge7 {[%emt 0:03:54]} 10. O-O {[%emt 0:05:52]} O-O {[%emt 0:03:27]} 11. Rfe1 {[%emt 0:03:24]} Re8 {[%emt 0:00:52]} 12. Rad1 {[%emt 0:02:24]} b6 {[%emt 0:03:09]} 13. Nc4 {[%emt 0:09:19]} d5 {[%emt 0:04:14]} 14. Ne3 {[%emt 0:04:07]} Bb7 {[%emt 0:03:53]} 15. Ng4 {[%emt 0:10:33]} Na5 {[%emt 0:08:58]} 16. Qa4 {[%emt 0:06:23]} dxe4 {[%emt 0:10:44]} 17. Bxe4 {[%emt 0:00:13]} b5 {[%emt 0:00:05]} 18. Qxb5 {[%emt 0:13:47]} Bxe4 {[%emt 0:05:16]} 19. Rxe4 {[%emt 0:00:06]} Rab8 {[%emt 0:00:03]} 20. Qa6 {[%emt 0:02:00]} Rxb2 {[%emt 0:08:51] [#]} 21. Rxe6 $16 {[%emt 0:02:59]} fxe6 {[%emt 0:24:14]} 22. Qxe6+ {[%emt 0:00:06]} Kh8 {[%emt 0:00:04]} 23. Nfe5 {[%emt 0:03:23]} Rf8 {[%emt 0:11:28]} 24. Bxe7 {[%emt 0:00:44]} Rb6 {[%emt 0:00:05]} 25. Nf7+ {[%emt 0:00:07]} Rxf7 {[%emt 0:00:04]} 26. Qxf7 {[%emt 0:00:06]} Qd7 {[%emt 0:00:07]} 27. Ne3 {[%emt 0:00:09]} Qc8 {[%emt 0:02:13]} 28. Rd8+ 1-0

[Event "11th Mumbai Mayors Cup 2018"]
[Site "Mumbai"]
[Date "2018.06.10"]
[Round "10"]
[White "Rathanvel, V S"]
[Black "Mahindrakar Indrajeet"]
[Result "1-0"]
[WhiteElo "2301"]
[BlackElo "2100"]
[Annotator "RC"]
[PlyCount "65"]
[EventDate "2018.??.??"]
[EventType "swiss"]
[EventCountry "IND"]
[SourceTitle "playchess.com"]
[Source "ChessBase"]
[SourceQuality "1"]
[TimeControl "5400+30"]

1. e4 {[%emt 0:00:00]} Nf6 {[%emt 0:01:02]} 2. e5 {[%emt 0:00:00]} Nd5 {[%emt 0:00:10]} 3. d4 {[%emt 0:00:00]} d6 {[%emt 0:00:07]} 4. c4 {[%emt 0:01:04]} Nb6 {[%emt 0:00:09]} 5. f4 {[%emt 0:00:04]} dxe5 {[%emt 0:00:16]} 6. fxe5 {[%emt 0:00:02]} c5 {[%emt 0:00:04]} 7. d5 {[%emt 0:01:11]} g6 {[%emt 0:00:10]} 8. Nf3 {[%emt 0:08:01]} Bg7 {[%emt 0:02:06]} 9. Bf4 {[%emt 0:02:25]} O-O {[%emt 0:01:50]} 10. Nc3 {[%emt 0:04:52]} e6 {[%emt 0:07:16]} 11. h3 {[%emt 0:30:16]} f6 {[%emt 0:14:14]} 12. Qd2 {[%emt 0:17:53]} exd5 {[%emt 0:31:28]} 13. cxd5 {[%emt 0:00:26]} fxe5 {[%emt 0:00:48]} 14. Bg5 {[%emt 0:00:20]} Qe8 {[%emt 0:03:02]} 15. O-O-O {[%emt 0:00:50]} c4 {[%emt 0:11:35]} 16. Re1 {[%emt 0:05:55]} Rf5 {[%emt 0:04:10]} 17. Qe3 {[%emt 0:07:45]} Qf8 {[%emt 0:01:11]} 18. Nd2 {[%emt 0:00:08]} e4 {[%emt 0:11:26]} 19. Ndxe4 {[%emt 0:05:04]} Na6 {[%emt 0:01:15]} 20. d6 {[%emt 0:07:54]} h6 {[%emt 0:03:43]} 21. Be7 {[%emt 0:00:43]} Qf7 {[%emt 0:00:16]} 22. Be2 {[%emt 0:01:59]} Nb4 {[%emt 0:03:08]} 23. g4 {[%emt 0:01:05]} Nd3+ {[%emt 0:01:18]} 24. Kb1 {[%emt 0:02:13]} Nd5 {[%emt 0:00:42]} 25. Nxd5 {[%emt 0:00:16]} Rxd5 {[%emt 0:00:10]} 26. Ref1 {[%emt 0:00:28]} Bf5 {[%emt 0:01:20]} 27. gxf5 {[%emt 0:00:38]} Rb5 {[%emt 0:00:14]} 28. f6 {[%emt 0:00:41]} Nxb2 {[%emt 0:00:47]} 29. Ka1 {[%emt 0:01:31]} Bf8 {[%emt 0:00:31]} 30. Nc3 {[%emt 0:00:18]} Rb6 {[%emt 0:00:20]} 31. Bg4 {[%emt 0:00:06]} Kh7 {[%emt 0:00:32]} 32. Be6 {[%emt 0:00:08]} Qe8 {[%emt 0:00:08]} 33. d7 {[%emt 0:00:05]} 1-0